Las mujeres y el superyó / (Record no. 144740)

MARC details
000 -CABECERA
campo de control de longitud fija 00700nam a2200217 u 4500
005 - FECHA Y HORA DE LA ÚLTIMA TRANSACCIÓN
campo de control 20230310063536.0
008 - ELEMENTOS DE LONGITUD FIJA--INFORMACIÓN GENERAL
campo de control de longitud fija 090925s2005 cl r 000 0 spa d
020 ## - NÚMERO INTERNACIONAL NORMALIZADO PARA LIBROS
Número Internacional Estándar del Libro 9586558568
035 ## - NÚMERO DE CONTROL DEL SISTEMA
Número de control de sistema UPN01000172636
049 ## - COLECCIÓN
Colección CG
050 #4 - SIGNATURA TOPOGRÁFICA DE LA BIBLIOTECA DEL CONGRESO
Número de clasificación BF175.5 S9.3
Número de documento/Ítem M4.5
100 1# - ASIENTO PRINCIPAL--NOMBRE PERSONAL
Nombre de persona Mejía Correa, María Paulina
245 14 - MENCIÓN DE TÍTULO
Título Las mujeres y el superyó /
Mención de responsabilidad, etc. María Paulina Mejía Correa.
260 ## - PUBLICACIÓN, DISTRIBUCIÓN, ETC.
Lugar de publicación, distribución, etc. Medellín, Col. :
Nombre del editor, distribuidor, etc. Universidad de Antioquia,
Fecha de publicación, distribución, etc. 2005.
300 ## - DESCRIPCIÓN FÍSICA
Extensión 169 p.
440 #0 - MENCIÓN DE SERIE/ASIENTO SECUNDARIO--TÍTULO
Título Psicoanálisis, sujeto, sociedad
650 #4 - ASIENTO SECUNDARIO DE MATERIA - TERMINO TEMATICO
Término de materia o nombre geográfico como elemento de entrada MUJERES Y PSICOANALISIS
9 (RLIN) 9065
650 #4 - ASIENTO SECUNDARIO DE MATERIA - TERMINO TEMATICO
Término de materia o nombre geográfico como elemento de entrada Mujeres
Subdivisión general Psicología
9 (RLIN) 5910
600 14 - ASIENTO SECUNDARIO DE MATERIA - NOMBRE PERSONAL
Nombre de persona Freud, Sigmund,
Fechas asociadas al nombre 1856-1939
Subdivisión general Crítica e interpretación
9 (RLIN) 7006
905 ## - TIPO DE MATERIAL
Tipo de material Libro
Holdings
Estado de retiro Estado de pérdida Fuente del sistema de clasificación o colocación Estado dañado No para préstamo Código de colección Localización permanente Ubicación/localización actual Ubicación en estantería Total de préstamos Clasificación Código de barras Fecha visto por última vez Número de copia Tipo de ítem Koha
    Library of Congress Classification     Colección General Bib. Gregorio Torres Quintero Bib. Gregorio Torres Quintero Planta baja 2 BF175.5 S9.3 M4.5 266443 31/12/2020 1 Libro
    Library of Congress Classification     Colección General Bib. Gregorio Torres Quintero Bib. Gregorio Torres Quintero Planta baja 3 BF175.5 S9.3 M4.5 266442 31/12/2020 1 Libro